000 00289nam a2200109Ia 4500
008 190912s9999||||xx |||||||||||||| ||und||
100 _aNizaam Nasiri
245 0 _aMachliyoun Ka Dor Hayat : Life Hiostory of Fishes
260 _aKarachi
_bIdrahai Tasneef
_c2016
300 _a400
942 _cBK
999 _c7338
_d7338